Les Royaumes de Feu - A à W - - Statistiques

Statistiques générales
  • Ce quiz a été pris 96 fois
  • Le résultat moyen est 13 sur 23
Statistiques - réponses
Lettre Réponse % Correct
A = Nom donné aux dragons étant dotés d'un pouvoir magique Animus
90%
C = Nom donné aux humains Charognard
90%
G = Nom de la reine actuelle des Ailes de Pluie Gloria
86%
H = Nom donné aux dragons nés d'un père et d'une mère issus de clans différents Hybride
79%
F = Nom de la seule des 3 princesses de Sable qui survit au tome 5 Flamme
78%
E = Fonction de la Montagne de Jade dans le deuxième cycle Ecole
76%
I = Type de lieu sur lequel vivaient les Ailes de Nuit Ile
76%
D = Nom donné aux Dragonnets censés rétablir la paix à Phyrria Dragonnets du Destin
74%
K = Nom de la dragonnette de Pluie ayant participé à l'arrestation de Spectral Kinkajou
74%
L = Nom de la protagoniste du tome 6 Lune-Claire
74%
W = Prince de Glace protagoniste du tome 7 Winter
71%
N = Lieu d'éclosion des oeufs royaux chez les Ailes de Mer Nursery
62%
Q = Nom du conseiller de la reine Epine Qibli
60%
R = Nom donné aux gouvernantes Reine
59%
P = Nom de la région où vivent les Ailes de Guêpe Pantala
55%
O = Dragonne ayant donné son nom au bijou animusé qui confère le pouvoir du royaume de Sable Onyx
52%
J = Nom de l'Animus Aile de Sable Jerboa
41%
S = Nom de la plante qui peut contrôler l'esprit des dragons Souffle du mal
34%
M = Nom de la mère d'Argil Mareca
33%
B = Bijou fétiche de Qibli Boucles d'oreille
28%
V = Reine des Ailes de Nuit au temps de Spectral Vigilante
19%
U = Lieu de production des Soies de Feu Usine
16%
T = Nom de l'autrice de la saga Tui Thutherland
3%
Aucun quiz correspondant
Distribution des résultats
% des personnes avec chaque résultat
Percentile par nombre de réponses
Votre historique - résultats
Vous n’avez pas pris ce quiz